Understanding GIS (Record no. 104423)
[ view plain ]
| 000 -LEADER | |
|---|---|
| fixed length control field | 01352cam a2200217 4500 |
| 001 - CONTROL NUMBER | |
| control field | ##L130283 |
| 008 - FIXED-LENGTH DATA ELEMENTS--GENERAL INFORMATION | |
| fixed length control field | 050712n1995 000 0 eng u |
| 020 ## - INTERNATIONAL STANDARD BOOK NUMBER | |
| International Standard Book Number | 1879102005 |
| 035 ## - SYSTEM CONTROL NUMBER | |
| System control number | (Sirsi) u130283 |
| 041 0# - LANGUAGE CODE | |
| Language code of text/sound track or separate title | eng |
| 050 04 - LIBRARY OF CONGRESS CALL NUMBER | |
| Classification number | 526.982 $2 18 |
| 110 2# - MAIN ENTRY--CORPORATE NAME | |
| Corporate name or jurisdiction name as entry element | Environmental Systems Research Institute |
| 9 (RLIN) | 1906 |
| 245 00 - TITLE STATEMENT | |
| Title | Understanding GIS |
| Remainder of title | the ARC/INFO method |
| 260 ## - PUBLICATION, DISTRIBUTION, ETC. | |
| Place of publication, distribution, etc. | Redlands Ca. |
| Name of publisher, distributor, etc. | ESRI Press |
| Date of publication, distribution, etc. | 1995 |
| 300 ## - PHYSICAL DESCRIPTION | |
| Extent | ca. 400p. |
| Dimensions | 22cm. |
| 350 ## - PRICE (NR) (BK AM CF MU VM SE) [OBSOLETE] | |
| Price | 31.95 |
| 490 ## - SERIES STATEMENT | |
| Series statement | ESRI Self Study Workbook |
| 520 ## - SUMMARY, ETC. | |
| Summary, etc. | Workbook produced as a hands on guide to GIS technology and a methodology for implementing it. While specific to a particular project, the approach can be modified and applied to many of the functions for which GIS is used. Aimed primarily at beginning ARC/INFO users and as the basis of the computer lab component for university GIS courses. The first three lessons offer an introduction to the field while the concluding lessons are useful for more experienced users: geting spatial data into ARC/INFO; making spatial data available; getting attribute data into ARC/INFO; managing the database; performing geographic analysis; presenting the results of the analysis; and customising ARC/INFO. |
| 690 ## - LOCAL SUBJECT ADDED ENTRY--TOPICAL TERM (OCLC, RLIN) | |
| Topical term or geographic name as entry element | ENVIRONMENTAL AND LAND CONSULTANCY-GEOMATICS-MAPPING AND POSITIONING-GLOBAL AND LOCAL NAVIGATION SYSTEMS |
| 942 ## - ADDED ENTRY ELEMENTS (KOHA) | |
| Suppress in OPAC | 0 |
| Withdrawn status | Lost status | Source of classification or shelving scheme | Damaged status | Not for loan | Home library | Current library | Shelving location | Date acquired | Cost, normal purchase price | Total Checkouts | Full call number | Barcode | Date last seen | Copy number | Cost, replacement price | Price effective from | Koha item type |
|---|---|---|---|---|---|---|---|---|---|---|---|---|---|---|---|---|---|
| Dewey Decimal Classification | London | London | Books | 12/12/2005 | 27.16 | 526.982 ENV | 30071297 | 06/08/2019 | 1 | 27.16 | 06/08/2019 | Book |